01533nam a2200217 a 4500008004100000020001500041041000800056092001900064100002700083245006800110250001100178260003900189300001100228500010600239505073100345590003901076655002101115942001301136999001501149952015101164180206e2003 ag ||||| |||| 00| p spa d a9506947007 aspa c808.8l26sFON1 aFonseca, Ricardo93289 aAnimal lingüístico. bPoemas y canciones /cRicardo Fonseca a1a ed. aBuenos Aires:bNuevo Hacer;c2003. a351 p. aFonseca, R. (2003). Animal lingüístico. Poemas y canciones. (1a ed.). Buenos Aires : Nuevo Hacer. aAnimal lingüístico es una antología personal de poemas y canciones extraídos, robado del lenguaje común y alimentados de entrañables y numerosas voces de poetas y narradores/as latinoamericanos, facilitadores a su vez de ese intento inconcluso y quizá vano de querer decir lo indecible. De ese barrer en la oscuridad que supone el provocar y el ser provocado por las palabras para que expresen algo de lo mucho que silencian. Claro que el viento, el agua, el día, la noche, los sueños y ensueños, también pasan y transcurren por estos artefactos lingüísticos que, al contacto con sus posibles lectores, ojalá emitan mínimas señales de lo que, por acostumbradora complicidad, llamamos poesía.  aDONACION MARIA VITARELLI DIC/2017. aLiteratura92917 2ddccLIT c2638d2638 00102ddc4070aBFMbBFMcCRd2018-02-06eDonacionl0o808.8 26 FONp4140r2018-02-06tEj. 1w2018-02-06yLITzDONACION MARIA VITARELLI DIC/2017.